| 000 -LEADER |
| fixed length control field |
00993nam a2200253Ia 4500 |
| 001 - CONTROL NUMBER |
| control field |
16294 |
| 003 - CONTROL NUMBER IDENTIFIER |
| control field |
GE_BSU |
| 008 - FIXED-LENGTH DATA ELEMENTS--GENERAL INFORMATION |
| fixed length control field |
181216s||||||||xx |||||||||||||| ||und|| |
| 020 ## - INTERNATIONAL STANDARD BOOK NUMBER |
| International Standard Book Number |
ISBN 978-9941-15-837-7 |
| 040 ## - CATALOGING SOURCE |
| Transcribing agency |
GE_BSU |
| 080 ## - UNIVERSAL DECIMAL CLASSIFICATION NUMBER |
| Universal Decimal Classification number |
94(38).05 |
| 100 ## - MAIN ENTRY--PERSONAL NAME |
| Personal name |
თუკიდიდე |
| 245 ## - TITLE STATEMENT |
| Title |
ისტორია |
| 245 ## - TITLE STATEMENT |
| Statement of responsibility, etc. |
რედ.დიანა ყასუმაშვილი;მთარგმნ.ლევან გორდეძიანი;დიზაინერი:ია მახათაძე |
| 260 ## - PUBLICATION, DISTRIBUTION, ETC. |
| Place of publication, distribution, etc. |
თბილისი |
| 260 ## - PUBLICATION, DISTRIBUTION, ETC. |
| Name of publisher, distributor, etc. |
ბაკურ სულაკაურის გამ-ბა, |
| 260 ## - PUBLICATION, DISTRIBUTION, ETC. |
| Date of publication, distribution, etc. |
2013 |
| 300 ## - PHYSICAL DESCRIPTION |
| Extent |
343გვ. 22სმ. |
| 300 ## - PHYSICAL DESCRIPTION |
| Other physical details |
ყდაზე: ჰოპლიტების გამოსახულება, ძველი ბერძნ. ლარნაკი. |
| 653 ## - INDEX TERM--UNCONTROLLED |
| Uncontrolled term |
ისტორია |
| 653 ## - INDEX TERM--UNCONTROLLED |
| Uncontrolled term |
პელოპონესის ომი; |
| 942 ## - ADDED ENTRY ELEMENTS (KOHA) |
| Koha item type |
წიგნი |